Bandeiras de países não-reconhecidos - Statistics

Estatísticas Gerais
  • Esse quiz foi jogado 161 vezes
  • A pontuação média é 10 de 24
Estatísticas das Respostas
Imagem Resposta % Correto
Taiwan
96%
Kosovo
95%
Palestina
82%
Chipre do Norte
64%
Catalunha
60%
Saara Ocidental
55%
Niue
46%
Abecásia
44%
Somalilândia
43%
Curdistão
38%
Transnistria
38%
País Basco
37%
Tibete
33%
Ossétia do Sul
32%
Quebéc
32%
Ilhas Åland
29%
Artsaque
27%
Donetsk
20%
Bretanha
16%
Sealand
16%
Zanzibar
15%
Luhansk
14%
Biafra
13%
Ambazônia
10%
Nenhum quiz correspondente encontrado
Distribuição das Pontuações
Porcentagem de Pessoas com Cada Pontuação
Percentil de Números Respondidos
Sua Pontuação Histórica
Você não jogou esse quiz